Outsiders Storie di artisti geniale che non trovarete nei manuali di storie dell' arte

সংরক্ষণ করুন:
গ্রন্থ-পঞ্জীর বিবরন
প্রধান লেখক: Alfred Accatino
বিন্যাস: গ্রন্থ
ভাষা:অজানা বা ভুল ভাষা
প্রকাশিত: Giunti
ট্যাগগুলো: ট্যাগ যুক্ত করুন
কোনো ট্যাগ নেই, প্রথমজন হিসাবে ট্যাগ করুন!

MARC

LEADER 00000nam a2200000Ia 4500
001 R-112
003 CODICE-MESSINA
005 20260212102447.0
008 260211s9999 xx 000 0 und d
040 |c importazione_messina 
100 |a Alfred Accatino 
245 0 |a Outsiders 
245 0 |b Storie di artisti geniale che non trovarete nei manuali di storie dell' arte 
260 |b Giunti 
942 |2 ddc  |c BK 
952 |0 0  |1 0  |2 ddc  |4 0  |6 SCAFFALE_2_000000000000000__ARTE  |7 0  |9 30929  |a ME  |b ME  |d 2026-02-11  |l 0  |o SCAFFALE 2 - ARTE  |p R-112  |r 2026-02-11 23:52:13  |w 2026-02-11  |x [REVISIONARE]  |y BK 
999 |c 26593  |d 26593